000 00363nam a2200157Ia 4500
008 200601s9999 xx 000 0 und d
020 _a0-440-93574-1
050 _aFIC AI2h
050 _b1968
100 _aAlexander, Lloyd
245 4 _aThe High King /
260 _aNew York :
260 _bLaurel Leaf Books.
260 _c1968
300 _a286 pages :
999 _c363458
_d363458